Dry bones can live again; (Record no. 5461)

MARC details
000 -LEADER
fixed length control field 00710cam a22002411 4500
001 - CONTROL NUMBER
control field 4541198
003 - CONTROL NUMBER IDENTIFIER
control field GBCCL
005 - DATE AND TIME OF LATEST TRANSACTION
control field 20241126110542.0
008 - FIXED-LENGTH DATA ELEMENTS--GENERAL INFORMATION
fixed length control field 690123s1969 njua b 000 0 eng
010 ## -
-- 68056092
040 ## - CATALOGING SOURCE
Original cataloging agency DLC
Transcribing agency DLC
Modifying agency DLC
050 00 -
-- BV3793
-- .C62
082 00 - DEWEY DECIMAL CLASSIFICATION NUMBER
Classification number 269.2
Item number COL
100 1# - MAIN ENTRY--PERSONAL NAME
Personal name Coleman, Robert E.,
Dates associated with a name 1928-
9 (RLIN) 5423
245 10 - TITLE STATEMENT
Title Dry bones can live again;
Remainder of title revival in the local church
Statement of responsibility, etc. [by] Robert E. Coleman.
260 ## - PUBLICATION, DISTRIBUTION, ETC.
Place of publication, distribution, etc. Old Tappan, N.J.,
Name of publisher, distributor, etc. Revell
Date of publication, distribution, etc. [1969]
300 ## - PHYSICAL DESCRIPTION
Extent 127 p.
Other physical details illus.
Dimensions 21 cm.
350 ## - PRICE (NR) (BK AM CF MU VM SE) [OBSOLETE]
Price 3.50
504 ## - BIBLIOGRAPHY, ETC. NOTE
Bibliography, etc. note Bibliographical footnotes.
650 #0 - SUBJECT ADDED ENTRY--TOPICAL TERM
Topical term or geographic name entry element Evangelistic work.
9 (RLIN) 290
906 ## - LOCAL DATA ELEMENT F, LDF (RLIN)
a 7
b cbc
c orignew
d u
e ncip
f 19
g y-gencatlg
942 ## - ADDED ENTRY ELEMENTS (KOHA)
Source of classification or shelving scheme Dewey Decimal Classification
Koha item type Books
Koha issues (borrowed), all copies 1
Holdings
Withdrawn status Lost status Source of classification or shelving scheme Damaged status Not for loan Home library Current Library Shelving location Date acquired Total checkouts Full call number Barcode Date last seen Date last checked out Copy number Price effective from Koha item type
    Dewey Decimal Classification     GRACE BIBLE COLLEGE GRACE BIBLE COLLEGE Ministry & Mission 2018-03-21 1 269.2 COL 001698 2025-05-01 2018-08-20 c.1 2018-03-21 Books
© Grace Bible College Library 2025